|
|
|
|
| LEADER |
00000nab a2200000 a 4500 |
| 001 |
vtls001513368 |
| 003 |
SK-MaSNL |
| 005 |
20260304212556.0 |
| 008 |
050227s2003 xo 000 0 slo |
| 035 |
|
|
|a SPKCL15695
|
| 040 |
|
|
|a SPKCL
|b slo
|c SNKBUCL
|d SPK(EK)
|e AACR2
|
| 041 |
|
|
|a slo
|
| 044 |
|
|
|a xo
|c SK
|
| 080 |
|
|
|a 316.728
|2 1981
|
| 100 |
1 |
|
|a Štúr, Ivan,
|d 1933-2015
|4 aut
|9 161143
|
| 245 |
1 |
0 |
|a Dary lásky a pýchy
|c Ivan Štúr; Ján Lofaj
|
| 520 |
|
|
|a Premena sveta ľudí na svet peňazí. Trend súčasnosti - rozum predbieha cit, technika kultúru. Dary lásky a pýchy. Životný štýl dnešného človeka. Otroci peňazí či páni svojho času.
|
| 650 |
0 |
7 |
|a životný štýl
|2 SNKPH
|9 1704
|
| 650 |
0 |
7 |
|a súčasnosť
|2 SNKPH
|9 449161
|
| 650 |
0 |
7 |
|a interpersonálne vzťahy
|2 SNKPH
|9 3770
|
| 650 |
0 |
7 |
|a človek
|2 SNKPH
|9 16150
|
| 650 |
0 |
7 |
|a peniaze
|2 SNKPH
|9 2303
|
| 700 |
1 |
1 |
|a Lofaj, Ján,
|d 1941-
|4 pht
|9 125451
|
| 773 |
1 |
|
|t Rodina a škola : Mesačník pre rodičov a učiteľov
|g Roč. 51, č. 10 (2003) s. 11
|
| 850 |
|
|
|a Slovenská pedagogická knižnica Bratislava
|
| 852 |
|
|
|a SPKCL
|b KIS3GCP
|b 000710000
|n SK
|
| 999 |
|
|
|c 3132017
|d 3133947
|